banner-ar

نحن والعالم الجديد: محاولة وطنية لفهم التطورات العالمية / (Record no. 43375)

MARC details
000 -الفاتح
حقل البيانات ثابتة الطول 00433nam a2200133Ia 4500
008 - عناصر البيانات ثابتة الطول - معلومات عامة
حقل البيانات ثابتة الطول 140319s9999 xx 000 0 ara d
040 ## - مصدر الفهرسة
وكالة الفهرسة الأصلية GCL /
وكالة النسخ GCL
082 04 - رقم تصنيف ديوى العشرى
رقم التصنيف 320.9
رقم المادة ا ن
100 1# - المدخل الرئيسى - إسم شخصى
الإسم الشخصى احمد عبدالله
245 10 - بيان العنوان
العنوان نحن والعالم الجديد: محاولة وطنية لفهم التطورات العالمية /
بيان المسئوليه,etc احمد عبدالله
300 ## - الوصف المادى
التعداد 167
490 ## - بيان السلسلة
عنوان السلسلة كتاب المحروسة
رقم المجلد/ التعيين التسلسلي 0
Holdings
حالة التراجع حالة الفقد حالة تلف ليس للاعارة المكان المؤقت الموقع الحالى تاريخ الاكتساب اجمالي اﻻعارات رقم الطلب الباركود تاريخ اخر مشاهدة تاريخ تفعيل السعر نوع وعاء كوها
        مكتبة القاهرة الكبرى مكتبة القاهرة الكبرى 03/26/2014   320.9\ا ن 104973 03/26/2014 03/26/2014 كتاب
        مكتبة القاهرة الكبرى مكتبة القاهرة الكبرى 03/26/2014   320.9\ا ن 104974 03/26/2014 03/26/2014 كتاب
        مكتبة القاهرة الكبرى مكتبة القاهرة الكبرى 03/26/2014   320.9\ا ن 104975 03/26/2014 03/26/2014 كتاب

Powered By

EGPV